| 000 | 00851nam a22001937a 4500 | ||
|---|---|---|---|
| 005 | 20170602121737.0 | ||
| 008 | 170602b mx ||||| |||| 00| 0 spa d | ||
| 020 | _a9709046411 | ||
| 050 | 0 | 4 |
_aBX2532.T33 _bS57 2006 |
| 100 | 1 | _aSoria Soria, Arminda | |
| 245 | 1 | 3 |
_aEl Convento Carmelita de San Joaquín, en Tacuba : _barte, espíritu, sociedad y documentos / _cArminda Soria Soria |
| 250 | _a1a ed. | ||
| 260 |
_aMéxico : _bInstituto de Cultura del Estado de Durango : |b Instituto Tecnológico Superior de Comalcalco de Tabasco, _bInstituto Tecnológico Superior de Comalcalco de Tabasco, _c2006 |
||
| 300 |
_a233 p. : _bilust., mapas, planos, _c27 cm. |
||
| 610 | 2 | 4 |
_aConvento Carmelita de San Joaquín _z(México, D. F.) |
| 650 | 7 |
_2LEMB _aConventos _zCiudad de México _xHistoria |
|
| 650 | 4 | _aCarmelitas en México | |
| 942 |
_2lcc _cLIB |
||
| 999 |
_c133739 _d133739 |
||